Euromagazín časopis Zastúpenia Európskej komisie v Slovenskej republike
Enregistré dans:
| Format: | Publication en série |
|---|---|
| Langue: | slovaque |
| Publié: |
Bratislava
Zastúpenie Európskej komisie v Slovenskej republike
2003
|
| Sujets: | |
| Tags: |
Pas de tags, Soyez le premier à ajouter un tag!
|
MARC
| LEADER | 00000nas2a2200000 4500 | ||
|---|---|---|---|
| 001 | 0056837 | ||
| 005 | 20080416110602.9 | ||
| 022 | |a 1335-3918 | ||
| 041 | 0 | |a slo | |
| 044 | |a SK | ||
| 245 | 1 | 0 | |a Euromagazín |b časopis Zastúpenia Európskej komisie v Slovenskej republike |
| 264 | 1 | |a Bratislava |b Zastúpenie Európskej komisie v Slovenskej republike |c 2003 | |
| 773 | 0 | |w eu_un_cat*s124316 | |
| 610 | 2 | 0 | |a integrácia ekonomická medzinárodná |
| 610 | 2 | 0 | |a Európska komisia |